000 00740cam a2200217 4500
001 WB3631-50
008 000000n2000 000 0 eng u
035 _a(Sirsi) u107656
245 _a£1bn to save farmland birds
260 _c2000
490 _aIndependent
_v7 August 2000, 9(1)
520 _aA formal commitment to reverse the decline in Britain's farmland birds has been made by the Government. It is hoped that by using the £1bn fund for agri-environment schemes to restore farmland habitats, the decline can be reversed by 2020.
590 _aWB
650 _aBIRDS
650 _aCONSERVATION
650 _aFARMLAND
650 _aFINANCE
650 _aGOVERNMENT
690 _aRURAL-NATURE CONSERVATION
942 _n0
999 _c64318
_d64318